000 00541nam a22001817a 4500
008 150612b xxu||||| |||| 00| 0 eng d
020 _a0894681974
041 0 _aeng
080 _a79.071
100 _aFlam, Jack D.
245 0 0 _aMatisse :
_cJack Flam.
260 _aWashington, D.C. :
_bNational Gallery of Art,
_c1993.
300 _a392 f. :
_bme il. :
_c35 cm.
505 _aIndex : f. 389-392
650 0 _aMural painting and decoration, French
650 0 _aPikturë murale dhe dekorimet, Frëngjisht
942 _2udc
_cBK
999 _c1042
_d1042